header

D.H. Lawrence's Italian travel literature and translations of Giovanni Verga (Record no. 234479)

MARC details
000 -LEADER
fixed length control field 01960nam a2200433 a 4500
082 04 - DEWEY DECIMAL CLASSIFICATION NUMBER
Classification number 823/.912
100 1# - MAIN ENTRY--AUTHOR NAME
Personal name Traficante, Antonio.
245 10 - TITLE STATEMENT
Title D.H. Lawrence's Italian travel literature and translations of Giovanni Verga
260 ## - PUBLICATION, DISTRIBUTION, ETC. (IMPRINT)
Place of publication New York :
Name of publisher P. Lang,
Year of publication c2007.
300 ## - PHYSICAL DESCRIPTION
Number of Pages 206 p. :
Other physical details ill., maps, ports.
650 #0 - SUBJECT ADDED ENTRY--TOPICAL TERM
Topical Term Other (Philosophy) in literature.
Topical Term Dialogism (Literary analysis)
856 40 - ELECTRONIC LOCATION AND ACCESS
Uniform Resource Identifier http://site.ebrary.com/lib/rucke/Doc?id=10531752

No items available.

© 2026 Rongo University
Contact us: librarian | system librarian | Rongo university